Central Library OPAC University of Rajshahi

Dicey's conflict of laws / (Record no. 55504)

MARC details
000 -LEADER
fixed length control field 00774nam a2200253 a 4500
001 - CONTROL NUMBER
control field 55504
003 - CONTROL NUMBER IDENTIFIER
rucl marc code BD-RjUL
005 - DATE AND TIME OF LATEST TRANSACTION
control field 20211209080256.0
008 - FIXED-LENGTH DATA ELEMENTS--GENERAL INFORMATION
fixed length control field 161119s1958 enk||||| |||| 001 0 eng d
035 ## - SYSTEM CONTROL NUMBER
System control number (BD-RjUL)55627
040 ## - CATALOGING SOURCE
Original cataloging agency BD-RjUL
Language of cataloging eng
Transcribing agency BD-RjUL
041 ## - LANGUAGE CODE
Language code of text/sound track or separate title eng
082 ## - DEWEY DECIMAL CLASSIFICATION NUMBER
Edition number 23
Classification number 340.90941
Author mark and year DIC 1958
100 ## - MAIN ENTRY--PERSONAL NAME
Personal name Dicey, A .V.
9 (RLIN) 165335
245 ## - TITLE STATEMENT
Title Dicey's conflict of laws /
Statement of responsibility, etc. A V Dicey; J H C Morris.
260 ## - PUBLICATION, DISTRIBUTION, ETC. (IMPRINT)
Place of publication, distribution, etc. London :
Name of publisher, distributor, etc. Stevens and Sons Ltd.
Date of publication, distribution, etc. 1958.
300 ## - PHYSICAL DESCRIPTION
Pagination cxxiv, 1180 p.
Size 23 cm.
500 ## - GENERAL NOTE
General note Includes index
650 ## - SUBJECT ADDED ENTRY--TOPICAL TERM
Topical term or geographic name as entry element Conflict of laws -- Great Britain.
9 (RLIN) 165336
Topical term or geographic name as entry element Droit international privรฉ -- Grande-Bretagne.
9 (RLIN) 165337
Topical term or geographic name as entry element Conflict of laws.
9 (RLIN) 165338
700 ## - ADDED ENTRY--PERSONAL NAME
Personal name Morris, J. H. C.
942 ## - ADDED ENTRY ELEMENTS (KOHA)
Source of classification or shelving scheme Dewey Decimal Classification
Koha item type Books
Holdings
Lost status Source of classification or shelving scheme Damaged status Not for loan Collection code Permanent Location Current Location Shelving location Date acquired Source of acquisition Cost, normal purchase price Total Checkouts Full call number Date last seen Copy number Koha item type
  Dewey Decimal Classification     Non-fiction Central Library, University of Rajshahi Central Library, University of Rajshahi   16/04/1964 zeitlinger 137.00   340.90941 DIC 1958 19/11/2016 C-2 Books